<?xml version="1.0" encoding="UTF-8"?>
<collection xmlns="http://www.loc.gov/MARC21/slim">
    <record>
        <controlfield tag="001">75992</controlfield>
        <controlfield tag="005">20200813075838.0</controlfield>
        <datafield tag="024" ind1="8" ind2=" ">
            <subfield code="2">sideral</subfield>
            <subfield code="a">108953</subfield>
        </datafield>
        <datafield tag="037" ind1=" " ind2=" ">
            <subfield code="a">ART-2016-108953</subfield>
        </datafield>
        <datafield tag="041" ind1=" " ind2=" ">
            <subfield code="a">spa</subfield>
        </datafield>
        <datafield tag="100" ind1=" " ind2=" ">
            <subfield code="a">Acosta Abad, Atzel</subfield>
        </datafield>
        <datafield tag="245" ind1=" " ind2=" ">
            <subfield code="a">Efecto de polimorfismos genéticos en la producción de leche del ganado Siboney de Cuba</subfield>
        </datafield>
        <datafield tag="260" ind1=" " ind2=" ">
            <subfield code="c">2016</subfield>
        </datafield>
        <datafield tag="506" ind1="0" ind2=" ">
            <subfield code="a">Access copy available to the general public</subfield>
            <subfield code="f">Unrestricted</subfield>
        </datafield>
        <datafield tag="520" ind1="3" ind2=" ">
            <subfield code="a">El objetivo de este estudio fue estimar los componentes de varianza, los parámetros genéticos y el efecto individual de ocho polimorfismos de nucleótidos simples (SNPs) en los genes correspondientes [αS1-caseína (CASA1), β-caseína (BCAS), αS2-caseína (CASA2), κ-caseína (KCAS), α-lactoalbúmina (LAA), β-lactoglobulina (LAG), hormona de crecimiento (GH) y prolactina (PRL)], sobre la producción de leche a los 305 días de lactancia en la raza Siboney de Cuba. Se analizaron 1904 registros de lactancias de 913 vacas procedentes de 17 vaquerías, bajo un modelo de repetibilidad. A través de la técnica de minisecuenciación se determinó el polimorfismo en los genes. Los ocho loci estudiados tuvieron un comportamiento polimórfico. Los coeficientes de heredabilidad y repetibilidad estimados para la producción de leche a los 305 días fueron de 0,12 y 0,33. Los loci LAG (p≤0,05) y PRL (p≤0,10) tuvieron un efecto significativo en la producción de leche. Los valores de heredabilidad y la repetibilidad para la producción de leche a los 305 días fueron moderados, lo que indica que es posible obtener una respuesta positiva a la selección en esta población. La selección para los genotipos LAGAA y PRLBB resultará en vacas que tengan una mayor producción de leche.</subfield>
        </datafield>
        <datafield tag="540" ind1=" " ind2=" ">
            <subfield code="9">info:eu-repo/semantics/openAccess</subfield>
            <subfield code="a">by-nc</subfield>
            <subfield code="u">http://creativecommons.org/licenses/by-nc/3.0/es/</subfield>
        </datafield>
        <datafield tag="655" ind1=" " ind2="4">
            <subfield code="a">info:eu-repo/semantics/article</subfield>
            <subfield code="v">info:eu-repo/semantics/publishedVersion</subfield>
        </datafield>
        <datafield tag="700" ind1=" " ind2=" ">
            <subfield code="0">(orcid)0000-0001-6489-8399</subfield>
            <subfield code="a">Sanz Fernández, Arianne</subfield>
            <subfield code="u">Universidad de Zaragoza</subfield>
        </datafield>
        <datafield tag="700" ind1=" " ind2=" ">
            <subfield code="a">Ronda Martínez, Rodrigo</subfield>
        </datafield>
        <datafield tag="700" ind1=" " ind2=" ">
            <subfield code="0">(orcid)0000-0001-5687-6704</subfield>
            <subfield code="a">Osta Pinzolas, Rosario</subfield>
            <subfield code="u">Universidad de Zaragoza</subfield>
        </datafield>
        <datafield tag="700" ind1=" " ind2=" ">
            <subfield code="0">(orcid)0000-0003-3289-2675</subfield>
            <subfield code="a">Rodellar Penella, Clementina</subfield>
            <subfield code="u">Universidad de Zaragoza</subfield>
        </datafield>
        <datafield tag="700" ind1=" " ind2=" ">
            <subfield code="0">(orcid)0000-0001-6016-4726</subfield>
            <subfield code="a">Martin-Burriel, Inmaculada</subfield>
            <subfield code="u">Universidad de Zaragoza</subfield>
        </datafield>
        <datafield tag="700" ind1=" " ind2=" ">
            <subfield code="a">Uffo Reinosa, Odalys</subfield>
        </datafield>
        <datafield tag="700" ind1=" " ind2=" ">
            <subfield code="0">(orcid)0000-0001-5740-0185</subfield>
            <subfield code="a">Zaragoza Fernández, Pilar</subfield>
            <subfield code="u">Universidad de Zaragoza</subfield>
        </datafield>
        <datafield tag="710" ind1="2" ind2=" ">
            <subfield code="1">1001</subfield>
            <subfield code="2">420</subfield>
            <subfield code="a">Universidad de Zaragoza</subfield>
            <subfield code="b">Dpto. Anatom.,Embri.Genét.Ani.</subfield>
            <subfield code="c">Área Genética</subfield>
        </datafield>
        <datafield tag="773" ind1=" " ind2=" ">
            <subfield code="g">38, 3 (2016), 142-148</subfield>
            <subfield code="p">Rev. salud anim.</subfield>
            <subfield code="t">Revista de Salud Animal</subfield>
            <subfield code="x">0253-570X</subfield>
        </datafield>
        <datafield tag="856" ind1="4" ind2="1">
            <subfield code="u">http://scielo.sld.cu/scielo.php?script=sci_arttext&amp;pid=S0253-570X2016000300002</subfield>
            <subfield code="z">Texto completo de la revista</subfield>
        </datafield>
        <datafield tag="856" ind1="4" ind2=" ">
            <subfield code="s">204012</subfield>
            <subfield code="u">http://zaguan.unizar.es/record/75992/files/texto_completo.pdf</subfield>
            <subfield code="y">Versión publicada</subfield>
        </datafield>
        <datafield tag="856" ind1="4" ind2=" ">
            <subfield code="s">103709</subfield>
            <subfield code="u">http://zaguan.unizar.es/record/75992/files/texto_completo.jpg?subformat=icon</subfield>
            <subfield code="x">icon</subfield>
            <subfield code="y">Versión publicada</subfield>
        </datafield>
        <datafield tag="909" ind1="C" ind2="O">
            <subfield code="o">oai:zaguan.unizar.es:75992</subfield>
            <subfield code="p">articulos</subfield>
            <subfield code="p">driver</subfield>
        </datafield>
        <datafield tag="951" ind1=" " ind2=" ">
            <subfield code="a">2020-08-13-07:58:07</subfield>
        </datafield>
        <datafield tag="980" ind1=" " ind2=" ">
            <subfield code="a">ARTICLE</subfield>
        </datafield>
    </record>

    
</collection>